000 00854nam a2200253Ii 4500
003 URS
008 221124s9999 xx 000 0 und d
020 _a9781472589149
020 _a9781472589156
020 _a9781472589163
020 _a9781472589170
020 _a9781474237987
245 0 _aPatriarchal Moments
_bReading Patriarchal Texts
_cCesare Cuttica and Gaby Mahlberg.
264 1 _bBloomsbury Academic
_c2015
300 _a1 online resource
336 _atext
_btxt
_2rdacontent
337 _acomputer
_bc
_2rdamedia
338 _aonline resource
_bcr
_2rdacarrier
490 _aTextual Moments in the History of Political Thought
653 _aPolitics & International Relations
856 _u10.5040/9781472589163
856 _uhttp://dx.doi.org/10.5040/9781472589163?locatt=label:secondary_bloomsburyCollections
942 _cE-BOOK
999 _c59579
_d59579